La nariz de Moritz

Guardat en:
Dades bibliogràfiques
Autor principal: Lobe, Mira (autora)
Format: Llibre
Idioma:espanyol
Publicat: Madrid SM 2003
Edició:27a. ed
Col·lecció:El Barco de Vapor, 28
Matèries:
Etiquetes: Afegir etiqueta
Sense etiquetes, Sigues el primer a etiquetar aquest registre!

MARC

LEADER 00000nam a2200000 a 4500
001 UCL7646
003 CL-VaPUC
008 040528e20030000SP |||||||||||||||||spa|d
020 |a 8434813378 
082 0 4 |a 808.0683  |b LOB  |2 21 
100 |a Lobe, Mira  |e autora  |9 547022 
245 1 3 |a La nariz de Moritz 
250 |a 27a. ed 
300 |a 173 p 
942 |c BK 
945 |d 20040528 00:00:00  |a cmena 
260 |a Madrid  |b SM  |c 2003 
500 |a Desde 10 años 
650 0 |a Literatura infantil   |9 307465 
650 0 |a Novelas austriacas  |9 269443 
650 7 |a NOVELAS DE FICCION  |2 CL-VaPUC  |9 485473 
583 |a last modification  |c 20040528 00:00:00  |k Rodrigo Vera 
490 0 |a El Barco de Vapor, 28 
999 |c 309276  |d 309274 
952 |0 0  |1 0  |4 0  |6 808_068300000000000_LOB_2003  |7 0  |8 A  |9 376671  |a BIBEDU  |b BIBEDU  |d 2019-11-21  |i 4020189  |o 808.0683 LOB 2003  |p 4020189  |r 2019-11-21  |w 2019-11-21  |y BK  |k BME